Incandescences: Égobiographie Tordue (L` Ivre Livre). Quintes (Extraits)

Gespeichert in:
Bibliographische Detailangaben
1. Verfasser: Moreau, Marcel
Format: Buch
Sprache:Undetermined
Veröffentlicht: Bruselas, Bélgica Labor 1984
Schlagworte:
Tags: Tag hinzufügen
Keine Tags, Fügen Sie den ersten Tag hinzu!

MARC

LEADER 00000nam a2200000Ia 4500
008 170316s9999 xx 000 0 und d
090 |a 800-B M-1i 
100 |a Moreau, Marcel 
245 |a Incandescences: Égobiographie Tordue (L` Ivre Livre). Quintes (Extraits) 
260 |a Bruselas, Bélgica 
260 |b Labor 
260 |c 1984 
300 |a 269 páginas 
650 |a OTRAS LITERATURAS 
650 |a LITERATURA DE BÉLGICA 
999 |c 19863  |d 19863 
040 |a cru BVZT 
942 |c 15 D  |h 800-B M-1i  |2 z